<?xml version="1.0" encoding="UTF-8"?>
<record
    xmlns:xsi="http://www.w3.org/2001/XMLSchema-instance"
    xsi:schemaLocation="http://www.loc.gov/MARC21/slim http://www.loc.gov/standards/marcxml/schema/MARC21slim.xsd"
    xmlns="http://www.loc.gov/MARC21/slim">

  <leader>00830nam a2200265Ia 4500</leader>
  <controlfield tag="003">UNSA</controlfield>
  <controlfield tag="005">20260514192021.0</controlfield>
  <controlfield tag="008">231107s9999||||pe |||||||||||||| ||spa||</controlfield>
  <datafield tag="040" ind1=" " ind2=" ">
    <subfield code="b">spa</subfield>
    <subfield code="c">UNSA</subfield>
    <subfield code="d">AR-MoUNM</subfield>
  </datafield>
  <datafield tag="041" ind1=" " ind2=" ">
    <subfield code="a">spa</subfield>
  </datafield>
  <datafield tag="082" ind1="0" ind2="4">
    <subfield code="2">24.11</subfield>
    <subfield code="a">985.01</subfield>
    <subfield code="b">BUST 982</subfield>
  </datafield>
  <datafield tag="100" ind1="1" ind2=" ">
    <subfield code="a">Busto Duthurburu, Jos&#xE9; Antonio del</subfield>
    <subfield code="9">27864</subfield>
  </datafield>
  <datafield tag="245" ind1="1" ind2="0">
    <subfield code="a">Per&#xFA; pre-incaico /</subfield>
    <subfield code="c">Jos&#xE9; Antonio del Busto D.</subfield>
  </datafield>
  <datafield tag="260" ind1=" " ind2=" ">
    <subfield code="a">Lima :</subfield>
    <subfield code="b">Universo,</subfield>
    <subfield code="c">[s.f.].</subfield>
  </datafield>
  <datafield tag="300" ind1=" " ind2=" ">
    <subfield code="a">236 p. :</subfield>
    <subfield code="b">il. ; gr&#xE1;f. ; mapas ;</subfield>
    <subfield code="c">22 cm.</subfield>
  </datafield>
  <datafield tag="650" ind1=" " ind2="7">
    <subfield code="a">HISTORIA</subfield>
    <subfield code="2">unescot</subfield>
    <subfield code="9">478</subfield>
  </datafield>
  <datafield tag="650" ind1=" " ind2="7">
    <subfield code="a">ARQUEOLOGIA</subfield>
    <subfield code="2">unescot</subfield>
    <subfield code="9">6596</subfield>
  </datafield>
  <datafield tag="650" ind1=" " ind2="7">
    <subfield code="a">AMERINDIO</subfield>
    <subfield code="2">unescot</subfield>
    <subfield code="9">4188</subfield>
  </datafield>
  <datafield tag="650" ind1=" " ind2="7">
    <subfield code="a">ARTE PRIMITIVO</subfield>
    <subfield code="2">unescot</subfield>
    <subfield code="9">22006</subfield>
  </datafield>
  <datafield tag="650" ind1=" " ind2="7">
    <subfield code="a">CULTURA</subfield>
    <subfield code="2">unescot</subfield>
    <subfield code="9">1719</subfield>
  </datafield>
  <datafield tag="650" ind1=" " ind2="7">
    <subfield code="a">ARTESANIA</subfield>
    <subfield code="2">unescot</subfield>
    <subfield code="9">4444</subfield>
  </datafield>
  <datafield tag="650" ind1=" " ind2="7">
    <subfield code="a">ARQUITECTURA</subfield>
    <subfield code="2">unescot</subfield>
    <subfield code="9">3268</subfield>
  </datafield>
  <datafield tag="651" ind1=" " ind2="7">
    <subfield code="a">PERU</subfield>
    <subfield code="2">unescot</subfield>
    <subfield code="9">5036</subfield>
  </datafield>
  <datafield tag="942" ind1=" " ind2=" ">
    <subfield code="2">ddc</subfield>
    <subfield code="c">LIBRO</subfield>
  </datafield>
  <datafield tag="999" ind1=" " ind2=" ">
    <subfield code="c">21767</subfield>
    <subfield code="d">21768</subfield>
  </datafield>
  <datafield tag="952" ind1=" " ind2=" ">
    <subfield code="0">0</subfield>
    <subfield code="1">0</subfield>
    <subfield code="2">ddc</subfield>
    <subfield code="4">0</subfield>
    <subfield code="7">0</subfield>
    <subfield code="a">UNM</subfield>
    <subfield code="b">UNM</subfield>
    <subfield code="d">2026-05-14</subfield>
    <subfield code="e">Donaci&#xF3;n</subfield>
    <subfield code="i">28257</subfield>
    <subfield code="l">0</subfield>
    <subfield code="o">985.01 BUST 982</subfield>
    <subfield code="p">28257</subfield>
    <subfield code="r">2026-05-14 19:22:00</subfield>
    <subfield code="t">Ej. C</subfield>
    <subfield code="w">2026-05-14</subfield>
    <subfield code="y">TR&#xC1;NSITO</subfield>
  </datafield>
</record>
